Observations sur la dernière campagne de Turquie. (Record no. 183946)

MARC details
000 -LEADER
campo de control de longitud fija 00902nam a2200205 i 4500
001 - NÚMERO DE CONTROL
campo de control 183946
003 - IDENTIFICADOR DE NÚMERO DE CONTROL
campo de control ES-MaACL
005 - FECHA Y HORA DE LA ÚLTIMA TRANSACCIÓN
campo de control 20251108165001.0
008 - DATOS DE LONGITUD FIJA--INFORMACIÓN GENERAL
campo de control de longitud fija 141222s1829 fr |||| | fre d
100 1# - ENTRADA PRINCIPAL--NOMBRE DE PERSONA
Nombre de persona Tolstoy, Jakob Nikolaevitch Tolstoï.
9 (RLIN) 156068
245 10 - MENCIÓN DEL TÍTULO
Título Observations sur la dernière campagne de Turquie.
260 ## - PUBLICACIÓN, DISTRIBUCIÓN, ETC.
Lugar de publicación, distribución, etc. Paris :
Nombre del editor, distribuidor, etc. [s.n.],
Fecha de publicación, distribución, etc. 1829 (
Fabricante Imp. de Goetschy)
300 ## - DESCRIPCIÓN FÍSICA
Extensión 42 p. ;
Dimensiones 20 cm.
594 ## - Nota al título y mención de responsabilidad
Nota al título y mención de responsabilidad Firmado: "Un Officier d'État-Major russe" (p. 39)
594 ## - Nota al título y mención de responsabilidad
Nota al título y mención de responsabilidad Atribubido a Jacques Tolstoy, según Barbier. Atribuido igualmente al general A.H. de Jomini.
650 #4 - PUNTO DE ACCESO ADICIONAL DE MATERIA--TÉRMINO DE MATERIA
Término de materia o nombre geográfico como elemento de entrada Guerra ruso-turca, 1828-1829.
9 (RLIN) 156070
700 1# - ENTRADA AGREGADA--NOMBRE PERSONAL
Nombre de persona Jomini, Antoine Henri de,
Fechas asociadas al nombre 1779-1869
9 (RLIN) 156069
852 4# - LOCALIZACIÓN
Ubicación ES-MaACL
Número de control de estantería T-15-F-2
Nota libre - Enc. en un vol. facticio, falto de cub. original
-- - Donat. Ángel Calderón de la Barca (Actas del Ateneo, junta 9 de abril de 1844)
Holdings
Estatus retirado Estado de pérdida Estado de daño No para préstamo Colección Biblioteca de origen Biblioteca actual Ubicación en estantería Fecha de adquisición Fuente de adquisición Total de préstamos Signatura topográfica completa Código de barras Visto por última vez Precio de reemplazo Tipo de ítem Koha
        Colección de folletos Biblioteca del Ateneo de Madrid Biblioteca del Ateneo de Madrid Depósito folletos 22/12/2014     T-15-F-2 1193428 23/02/2023 23/02/2023 Folleto